Audítorské štandardy

Na minha lista:
Detalhes bibliográficos
Autor principal: Kareš, Ladislav
Outros Autores: Krišková, Petra, 1981-, Užík, Ján, 1969-, Kňažková, Veronika, 1986-
Formato: Livro
Idioma:eslovaco
Publicado em: Bratislava Wolters Kluwer 2015
Edição:1. vyd.
Colecção:Ekonómia
Assuntos:
Tags: Adicionar Tag
Sem tags, seja o primeiro a adicionar uma tag!

MARC

LEADER 00000nam a2200000 4500
001 0209713
005 20240502073504.3
020 |a 978-80-8168-244-5 
041 0 |a slo 
044 |a SK 
245 1 0 |a Audítorské štandardy  |c Ladislav Kareš, Petra Krišková ; recenzenti: Ján Užík, Veronika Kňažková 
250 |a 1. vyd. 
264 1 |a Bratislava  |b Wolters Kluwer  |c 2015 
300 |a 153 s. [8,82 AH] 
490 1 |a Ekonómia 
830 0 |a Ekonómia 
610 2 0 |a audit 
610 2 0 |a audítori 
610 2 0 |a štandardy audítorské medzinárodné 
610 2 0 |a výkazy finančné 
610 2 0 |a kontrola 
610 2 0 |a zákony 
610 2 0 |a riziko 
610 2 0 |a zákazky 
610 2 0 |a revízia účtovná 
100 1 |a Kareš, Ladislav 
700 1 |a Krišková, Petra, 1981- 
700 1 |a Užík, Ján, 1969- 
700 1 |a Kňažková, Veronika, 1986-